Top Net Food-Exporting Countries - Statistics

General Stats
  • This quiz has been taken 33,483 times
    22,850 since last reset
  • The average score is 13 of 20
Answer Stats
Net $ Country % Correct
4.73 bil United States
99%
73.6 bil Brazil
94%
6.70 bil Mexico
89%
26.6 bil Argentina
86%
9.09 bil India
86%
11.6 bil Canada
85%
10.8 bil France
84%
21.0 bil Australia
79%
17.2 bil Spain
79%
5.03 bil Chile
70%
15.5 bil Indonesia
68%
18.8 bil New Zealand
59%
14.2 bil Ukraine
57%
20.6 bil Thailand
54%
11.0 bil Poland
49%
5.59 bil Malaysia
43%
32.0 bil Netherlands
35%
6.64 bil Belgium
27%
4.95 bil Denmark
20%
5.93 bil Ivory Coast
3%
No matching quizzes found
Score Distribution
Percent of People with Each Score
Percentile by Number Answered
Your Score History
You have not taken this quiz since the last reset